Educational readership : (Record no. 31718)

000 -LEADER
fixed length control field 00506nam a22001457a 4500
008 - FIXED-LENGTH DATA ELEMENTS--GENERAL INFORMATION
fixed length control field 230721b |||||||| |||| 00| 0 eng d
020 ## - INTERNATIONAL STANDARD BOOK NUMBER
International Standard Book Number 9781292041148
050 ## - LIBRARY OF CONGRESS CALL NUMBER
Classification number LB 1738.5 .C67 2014
100 ## - MAIN ENTRY--PERSONAL NAME
Personal name Cordeiro, Paula
245 ## - TITLE STATEMENT
Title Educational readership :
Remainder of title A Bbridge to Improved Practice /
Statement of responsibility, etc. Paula,Cordeiro
300 ## - PHYSICAL DESCRIPTION
Extent 407p. ;
Other physical details ill. ;
Dimensions 27 cm
500 ## - GENERAL NOTE
General note includes bibliographical references and index.
650 ## - SUBJECT ADDED ENTRY--TOPICAL TERM
Source of heading or term problem based learning
942 ## - ADDED ENTRY ELEMENTS (KOHA)
Source of classification or shelving scheme
Koha item type Hard Covered Materials
Classification part LB 1738.5 .C67 2014
Holdings
Withdrawn status Lost status Source of classification or shelving scheme Damaged status Not for loan Home library Current library Shelving location Date acquired Source of acquisition Total Checkouts Full call number Barcode Date last seen Price effective from Koha item type
          MACHAKOS UNIVERSITY LIBRARY MACHAKOS UNIVERSITY LIBRARY Open shelf 21/07/2023 Donation (falcon books)   LB 1738.5 .C67 2014 39452 03/07/2023 21/07/2023 Hard Covered Materials
© Machakos University Library, Along The Highway, Machakos Wote Rd, Machakos, Kenya P.O. Box 136 - 90100 Machakos - Kenya

Tel: ( +254 ) 723 805829 OR Fax : 044-20353 OR Email: library@mksu.ac.ke